Fr. Conceicao Rodrigues College of Engineering

Object orientation : The Kiss method (Record no. 34442)

MARC details
000 -LEADER
fixed length control field 00326nam a2200145Ia 4500
082 ## - DEWEY DECIMAL CLASSIFICATION NUMBER
Classification number 5.11
Item number KRI
100 ## - MAIN ENTRY--PERSONAL NAME
Personal name Kristen/ Gerald
245 ## - TITLE STATEMENT
Title Object orientation : The Kiss method
260 ## - PUBLICATION, DISTRIBUTION, ETC.
Name of publisher, distributor, etc. Addison Wesley Pub
Place of publication, distribution, etc. Wokingham
Date of publication, distribution, etc. 1994
300 ## - PHYSICAL DESCRIPTION
Extent 487
546 ## - LANGUAGE NOTE
Language note ENGLISH
654 ## - SUBJECT ADDED ENTRY--FACETED TOPICAL TERMS
Focus term Computer
942 ## - ADDED ENTRY ELEMENTS (KOHA)
Koha item type Reference Book
Holdings
Withdrawn status Lost status Damaged status Not for loan Collection Home library Current library Shelving location Date acquired Total Checkouts Full call number Barcode Date last seen Price effective from Koha item type
        CRC Fr. Agnel's C.Rodrigues College of Engineering Fr. Agnel's C.Rodrigues College of Engineering   17/03/2023   5.11 KRI 8961 17/03/2023 17/03/2023 Reference Book